| 000 | 00499nam a2200169Ia 4500 | ||
|---|---|---|---|
| 999 |
_c8825 _d8825 |
||
| 003 | OSt | ||
| 005 | 20201009104335.0 | ||
| 008 | 190216s9999||||xx |||||||||||||| ||und|| | ||
| 040 | _coclc | ||
| 082 |
_a005.7565 _bSIN/M |
||
| 100 |
_aSingh, Vishnu Priya _94373 |
||
| 245 | 0 |
_aMicrosoft Access 2000 / _cVishnu Priya Singh |
|
| 260 |
_bA P Asian Publishing Company, _aDelhi: _c2000. |
||
| 300 | _a264p | ||
| 650 | _aComputer | ||
| 942 |
_cBK _2ddc _h005.7565 _iSIN/M _k005.7565 _mSIN/M |
||